Termine le titre du film #3 - Statistiques

Statistiques générales
  • Ce quiz a été pris 70 fois
  • Le résultat moyen est 14 sur 20
Statistiques - réponses
Hint Réponse % Correct
Attrape moi si tu _ peux
100%
La _ au musée nuit
97%
Le silence des _ agneaux
95%
Scary _ movie
92%
_ Fiction Pulp
91%
Indiana Jones et le temple _ maudit
89%
Il faut sauver le soldat _ Ryan
88%
Pretty _ woman
86%
Paranormal _ activity
83%
Shutter _ island
81%
Call me by your _ name
72%
Basil, détective _ privé
67%
10 things I hate about _ you
64%
The _ Lebowski Big
63%
_ & Cie Monstres
63%
Coup de foudre à _ Notting Hill
56%
Everything Everywhere All at _ once
47%
Eternal sunshine of the _ mind spotless
44%
Encanto : la fantastique famille _ Madrigal
42%
Bienvenue chez les _ ch'tits
9%
Aucun quiz correspondant
Distribution des résultats
% des personnes avec chaque résultat
Percentile par nombre de réponses
Votre historique - résultats
Vous n’avez pas pris ce quiz